La condición física en la población escolar de la región del Maule
محفوظ في:
| المؤلف الرئيسي: | |
|---|---|
| التنسيق: | كتاب |
| اللغة: | الإسبانية |
| منشور في: |
Talca
Universidad Católica del Maule
2000
|
| الموضوعات: | |
| الوسوم: |
إضافة وسم
لا توجد وسوم, كن أول من يضع وسما على هذه التسجيلة!
|
MARC
| LEADER | 00000nam a2200000 a 4500 | ||
|---|---|---|---|
| 001 | UCN9663 | ||
| 003 | CL-VaPUC | ||
| 008 | 011221e20000000CL |||||||||||||||||spa|d | ||
| 082 | 0 | 4 | |a 613.7042 |b GAT |2 21 |
| 100 | 0 | |a Gatica Mandiola, Patricio |e author |9 466234 | |
| 245 | 1 | 3 | |a La condición física en la población escolar de la región del Maule |
| 300 | |a 93 p | ||
| 942 | |c BK | ||
| 945 | |d 20011221 00:00:00 |a cmena | ||
| 260 | |a Talca |b Universidad Católica del Maule |c 2000 | ||
| 650 | 0 | |a Aptitud física |9 373835 | |
| 650 | 7 | |a PERCENTILES |2 CL-VaPUC |9 466235 | |
| 650 | 0 | |a Educación básica |9 224933 | |
| 650 | 7 | |a OBESIDAD |2 CL-VaPUC |9 334444 | |
| 583 | |a last modification |c 20011221 00:00:00 |k Rodrigo Vera | ||
| 999 | |c 298957 |d 298955 | ||
| 952 | |0 0 |1 0 |4 0 |6 613_704200000000000_GAT_2000 |7 0 |8 A |9 355041 |a BIBEDU |b BIBEDU |d 2019-11-21 |i 3782999 |o 613.7042 GAT 2000 |p 3782999 |r 2019-11-21 |w 2019-11-21 |y BK |k BME | ||